Bermuda in the old Empire : (Record no. 27053)
[ view plain ]
| 000 -LEADER | |
|---|---|
| fixed length control field | 01208cam a22003011 4500 |
| 001 - CONTROL NUMBER | |
| control field | 27053 |
| 003 - CONTROL NUMBER IDENTIFIER | |
| rucl marc code | BD-RjUL |
| 005 - DATE AND TIME OF LATEST TRANSACTION | |
| control field | 20211209051115.0 |
| 008 - FIXED-LENGTH DATA ELEMENTS--GENERAL INFORMATION | |
| fixed length control field | 140324s1950 enkabch b 000 0 eng |
| 035 ## - SYSTEM CONTROL NUMBER | |
| System control number | (BD-RjUL)27124 |
| System control number | (OCoLC)935448 |
| 040 ## - CATALOGING SOURCE | |
| Original cataloging agency | DLC |
| Transcribing agency | PBm |
| Modifying agency | OCoLC |
| -- | NN |
| -- | Uk |
| -- | DLC |
| -- | BD-RjUL |
| Language of cataloging | eng |
| 041 ## - LANGUAGE CODE | |
| Language code of text/sound track or separate title | eng |
| 082 ## - DEWEY DECIMAL CLASSIFICATION NUMBER | |
| Classification number | 972.99 |
| Author mark and year | WIB 1950 |
| 100 1# - MAIN ENTRY--PERSONAL NAME | |
| Personal name | Wilkinson, Henry Campbell. |
| Dates associated with a name | 1893- |
| 9 (RLIN) | 83092 |
| 245 10 - TITLE STATEMENT | |
| Title | Bermuda in the old Empire : |
| Remainder of title | a history of the island from the dissolution of the Somers Island Company until the end of the American Revolutionary War: 1684-1784 / |
| Statement of responsibility, etc. | Henry Campbell Wilkinson. |
| 260 ## - PUBLICATION, DISTRIBUTION, ETC. (IMPRINT) | |
| Place of publication, distribution, etc. | London : |
| -- | New York ; |
| Name of publisher, distributor, etc. | Oxford University Press, |
| Date of publication, distribution, etc. | 1950. |
| 300 ## - PHYSICAL DESCRIPTION | |
| Pagination | xi, 457 p. : |
| Illustrations | illus., ports., fold. map, facsims. ; |
| Size | 23 cm. |
| 500 ## - GENERAL NOTE | |
| General note | "A continuation of ... Adventurers of Bermuda."--Pref. |
| 504 ## - BIBLIOGRAPHY, ETC. NOTE | |
| Bibliography, etc | Bibliography: p. 442-447. |
| 650 #0 - SUBJECT ADDED ENTRY--TOPICAL TERM | |
| Topical term or geographic name as entry element | Slavery |
| Geographic subdivision | Bermuda Islands. |
| 9 (RLIN) | 83093 |
| 651 #0 - SUBJECT ADDED ENTRY--GEOGRAPHIC NAME | |
| Geographic name | Bermuda Islands |
| General subdivision | History. |
| 9 (RLIN) | 83094 |
| Geographic name | Great Britain |
| General subdivision | Colonies |
| Geographic subdivision | America |
| General subdivision | History |
| Chronological subdivision | 18th century. |
| 9 (RLIN) | 83095 |
| Geographic name | Great Britain |
| General subdivision | Colonies |
| Geographic subdivision | America |
| General subdivision | History |
| Chronological subdivision | 17th century. |
| 9 (RLIN) | 83096 |
| 942 ## - ADDED ENTRY ELEMENTS (KOHA) | |
| Source of classification or shelving scheme | Dewey Decimal Classification |
| Koha item type | Books |
| Lost status | Source of classification or shelving scheme | Damaged status | Not for loan | Collection code | Permanent Location | Current Location | Shelving location | Date acquired | Source of acquisition | Cost, normal purchase price | Total Checkouts | Full call number | Date last seen | Copy number | Koha item type |
|---|---|---|---|---|---|---|---|---|---|---|---|---|---|---|---|
| Dewey Decimal Classification | Added to bundle | Non-fiction | Central Library, University of Rajshahi | Central Library, University of Rajshahi | Reading Room | 22/06/1955 | O.U.P | 16.14 | 972.99 WIB 1950 | 24/03/2014 | C-1 | Books |